Živnostenský zákon s komentárom
Uložené v:
| Hlavný autor: | |
|---|---|
| Médium: | Kniha |
| Jazyk: | Slovak |
| Vydavateľské údaje: |
Bratislava
Management International
[1991]
|
| Vydanie: | 1. vyd. |
| Predmet: | |
| Tagy: |
Žiadne tagy, Buďte prvý, kto otaguje tento záznam!
|
MARC
| LEADER | 00000nam a2200000 4500 | ||
|---|---|---|---|
| 001 | c000643 | ||
| 005 | 20221214095515.8 | ||
| 020 | |a 80-85414-04-X | ||
| 041 | 0 | |a slo | |
| 044 | |a SK | ||
| 245 | 1 | 0 | |a Živnostenský zákon s komentárom |c Miloslav Šimkovič |
| 250 | |a 1. vyd. | ||
| 264 | 1 | |a Bratislava |b Management International |c [1991] | |
| 300 | |a 44 s. | ||
| 610 | 2 | 0 | |a zákonodarstvo |
| 610 | 2 | 0 | |a právo hospodárske |
| 610 | 2 | 0 | |a podnikanie |
| 610 | 2 | 0 | |a podnik |
| 610 | 2 | 0 | |a zákonník obchodný |
| 100 | 1 | |a Šimkovič, Miloslav | |